000 00585nam a2200181 a 4500
005 20250115063751.0
008 991125s1970 was 000 0 spa u
035 _aUPN01000012157
049 _aCG
050 4 _aLC67 A412
_bF3.3
100 1 _aFábrega, Ernesto B.
245 1 3 _aEl crédito educativo en América /
_cpreparado por Ernesto B. Fábrega.
260 _aWashington :
_bOEA, Departamento de Asuntos Educativos,
_c1970.
300 _aix, 115 p.
650 4 _aCOSTOS EDUCATIVOS
_911419
650 4 _aEducación
_xAspectos económicos
_zAmérica Latina
_97515
905 _aLibro
999 _c12157
_d12157